00768cam a2200217Ma 450000500170000000800410001702000180005802000150007604000610009104100080015206000110016010000340017124500700020526000630027530000600033850400530039865000210045165000290047265000230050165000260052420250905133738.0140905s2010 xxuad fr 001 0 eng d a9780736079655 a0736079653 aCO-BoUCMbspacJose A. GerenadDavid Moreno (modificó)0 aeng00aWA 5901 aLudovici-Connolly, Anne Marie10aWinning health promotion strategiescAnne Marie Ludovici-Connolly aChampaign (Illinois, Estados Unidos)bHuman Kineticsc2010 axxii, 177 Páginasbilustraciones, cuadros, gráficas aIncluye referencias bibliográficas e índices 7aSalud pública  7aPromoción de la salud  7aSalud ocupacional  7aEducación en salud